000 01011nam a22002537a 4500
005 20170124103013.0
010 _aA-767591
020 _c50.00
_a8170432995
035 _aA-767591
037 _bCen Lib/Ret
040 _aDPL
_bHN
082 _a
_bगर्गके
100 _aगर्ग, के. एल.
_973
245 _aपरिधि में नाचता आदमी /
_cके. एल. गर्ग
246 _aParidhi mein nachta aadmi /
_bby K. L. Garg
260 _aदिल्ली
_bआत्माराम एंड संस
_c1996
270 _aकश्मीरी गेट
_bदिल्ली
_e110006
300 _a69पृ.
_c19सेमी (सजिल्द)
650 _a हिन्दी साहित्य
_958135
650 _a हिन्दी साहित्य -- उपन्यास
_946379
650 _aHindi literature
_958136
650 _aHindi literature -- Fiction
_958138
942 _2ddc
_cHN
_h
_mगर्गके
999 _c114741
_d114741